000 00379pab a2200145 454500
008 180718b1996 xxu||||| |||| 00| 0 eng d
100 _aArora, Dolly
245 _aThe victimising discourse: sex determination technologies and policy
260 _c1996
300 _ap.402-23.
362 _a17 Feb
650 _aSex
773 _aEconomic and Political Weekly
909 _a67928
999 _c67928
_d67928